Computational methods in subsurface flow

Αποθηκεύτηκε σε:
Λεπτομέρειες βιβλιογραφικής εγγραφής
Κύριος συγγραφέας: Huyakorn, P. S.
Άλλοι συγγραφείς: Pinder, George F.
Μορφή: Βιβλίο
Γλώσσα:English
Δημοσίευση: San Diego : Academic , 1993
Θέματα:
Ετικέτες: Προσθήκη ετικέτας
Δεν υπάρχουν, Καταχωρήστε ετικέτα πρώτοι!

MARC

LEADER 00000nam a2200000 i 4500
001 1/63611
008 930924s eng d
020 |a 0-12-363481-4 
035 |a ΛΕΣΒΟΣb10001239  |l 10001239 
040 |a GR-MY-UA  |b gre  |e aacr 
041 0 |a eng 
082 0 |a 551.49 
100 1 |a Huyakorn, P. S. 
245 1 0 |a Computational methods in subsurface flow /  |c Peter S. Huyakorn; George F. Pinder 
260 |a San Diego :   |b Academic ,   |c 1993 
300 |a 473 p.;  |c 22,7 cm. 
504 |a Includes index 
650 0 0 |a Groundwater flow  |x Mathematics. 
650 0 0 |a Finite element method. 
700 1 |a Pinder, George F. 
852 |a INST  |b LESVOS  |e 19930924  |h 551.49 HUY  |p 005100005721  |q 005100005721  |t BK  |y 0 
852 |a INST  |b LESVOS  |e 19930927  |h 551.49 HUY  |p 005100013985  |q 005100013985  |t BK  |y 0 
909 |a Λ  |b 025892